[Event "SR 2. liga A 2009/2010"]
[Site "?"]
[Date "2010.02.06"]
[Round "8.1"]
[White "Varga, David"]
[Black "Kozinka, Roman"]
[Result "1-0"]
[WhiteElo "2280"]
[BlackElo "2044"]
[PlyCount "75"]
[EventDate "2009.??.??"]
[WhiteTeam "Slovakia"]
[BlackTeam "II"]
[WhiteTeamCountry "SVK"]
[BlackTeamCountry "SVK"]

1. e4 e5 2. Nf3 Nf6 3. Nxe5 d6 4. Nf3 Nxe4 5. d4 d5 6. Bd3 Be7 7. O-O O-O 8. c4
Bf5 9. Qb3 Nc6 10. c5 Bf6 11. Be3 b6 12. cxb6 cxb6 13. Rc1 Na5 14. Qd1 Rc8 15.
Na3 Qe7 16. Ba6 Rxc1 17. Rxc1 Qb4 18. Qe2 Nd6 19. Rc7 Re8 20. Qd2 Qa4 21. Qc1
Nb3 22. Qf1 Nxd4 23. Nxd4 Bxd4 24. Bf4 Qa5 25. Bxd6 Re1 26. Nc2 Rxf1+ 27. Bxf1
Bxb2 28. Nb4 Ba3 29. Rb7 h5 30. Nc6 Qa4 31. Ne7+ Kh7 32. Nxf5 Bxd6 33. Nxd6 Qc6
34. Bd3+ g6 35. Rxf7+ Kh6 36. Rf6 Qc1+ 37. Bf1 Kg5 38. Re6 1-0

[Event "SR 2. liga A 2009/2010"]
[Site "?"]
[Date "2010.02.06"]
[Round "8.2"]
[White "Hrivnak, Martin"]
[Black "Godula, Martin"]
[Result "1/2-1/2"]
[WhiteElo "2208"]
[BlackElo "2179"]
[PlyCount "49"]
[EventDate "2009.??.??"]
[WhiteTeam "Slovakia"]
[BlackTeam "II"]
[WhiteTeamCountry "SVK"]
[BlackTeamCountry "SVK"]

1. d4 Nf6 2. Nf3 e6 3. g3 d5 4. Bg2 Be7 5. O-O O-O 6. c4 Nbd7 7. Nc3 c6 8. b3
b6 9. cxd5 cxd5 10. Qd3 Bb7 11. Bf4 Ne4 12. Rac1 Ba3 13. Rc2 Nxc3 14. Rxc3 Rc8
15. Rxc8 Qxc8 16. b4 Bxb4 17. Qb5 Be7 18. Rc1 Ba6 19. Qa4 Bc4 20. Qxa7 b5 21.
Nd2 Qc6 22. Nxc4 Ra8 23. Qc7 Qxc7 24. Bxc7 bxc4 25. Rc2 1/2-1/2

[Event "SR 2. liga A 2009/2010"]
[Site "?"]
[Date "2010.02.06"]
[Round "8.2"]
[White "Janos, Jozef"]
[Black "Puchart, Vladimir"]
[Result "1-0"]
[WhiteElo "2275"]
[BlackElo "2047"]
[PlyCount "73"]
[EventDate "2009.??.??"]
[WhiteTeam "Slovakia"]
[BlackTeam "II"]
[WhiteTeamCountry "SVK"]
[BlackTeamCountry "SVK"]

1. d4 Nf6 2. Nf3 d5 3. c4 e6 4. Nc3 Be7 5. Bg5 O-O 6. e3 h6 7. Bh4 b6 8. Be2
Bb7 9. O-O Nbd7 10. Rc1 c5 11. cxd5 Nxd5 12. Bg3 N7f6 13. Qb3 Nxc3 14. bxc3 Ne4
15. Rfd1 Nxg3 16. hxg3 Qc7 17. Nd2 Rac8 18. Qb1 cxd4 19. cxd4 Qd6 20. Bf3 Ba6
21. Rxc8 Rxc8 22. Rc1 Rxc1+ 23. Qxc1 Qa3 24. Qc7 Bd3 25. d5 exd5 26. Nb3 Bc4
27. Nd4 Bf8 28. Nc6 Qd6 29. Qc8 a5 30. a4 Bb3 31. Qa8 Bxa4 32. Bxd5 Bc2 33. Nd4
Kh7 34. Nxc2 Be7 35. e4 Qc5 36. Ne3 Bg5 37. Bxf7 1-0

[Event "SR 2. liga A 2009/2010"]
[Site "?"]
[Date "2010.02.06"]
[Round "8.2"]
[White "Klemanic, Emil"]
[Black "Petrik, Stanislav"]
[Result "0-1"]
[WhiteElo "2258"]
[BlackElo "2183"]
[PlyCount "98"]
[EventDate "2009.??.??"]
[WhiteTeam "Slovakia"]
[BlackTeam "II"]
[WhiteTeamCountry "SVK"]
[BlackTeamCountry "SVK"]

1. e4 c5 2. Nc3 Nc6 3. g3 g6 4. Bg2 Bg7 5. d3 e6 6. f4 Nge7 7. Nf3 d5 8. e5 a6
9. a4 Rb8 10. O-O b5 11. axb5 axb5 12. Kh1 h5 13. Nh4 Qb6 14. Bd2 Nd4 15. Ne2
Nef5 16. Nxf5 Nxf5 17. Ba5 Qc6 18. Qd2 Bb7 19. b4 c4 20. d4 Rc8 21. c3 Ra8 22.
Kg1 Ra6 23. h3 Ne7 24. g4 hxg4 25. hxg4 Qd7 26. Ng3 Nc6 27. f5 Nxa5 28. Rxa5
Rxa5 29. bxa5 Qd8 30. Qf4 Bh6 31. Qf3 Qe7 32. Ne2 gxf5 33. gxf5 Qg5 34. fxe6
Qe3+ 35. Rf2 Qxf3 36. Rxf3 fxe6 37. Bh3 Bc8 38. Kg2 Bd2 39. Rf6 Rg8+ 40. Kf3
Ke7 41. a6 Bd7 42. Nf4 Bxf4 43. Kxf4 Ra8 44. Bg2 Rxa6 45. Bxd5 Ra3 46. Bf3 Rxc3
47. d5 exd5 48. Bxd5 Rc1 49. Rb6 c3 0-1

[Event "SR 2. liga A 2009/2010"]
[Site "?"]
[Date "2010.02.06"]
[Round "8.2"]
[White "Lopatievov, Alexander"]
[Black "Petenyi, Tamas"]
[Result "0-1"]
[WhiteElo "2041"]
[BlackElo "2261"]
[PlyCount "70"]
[EventDate "2009.??.??"]
[WhiteTeam "Slovakia"]
[BlackTeam "II"]
[WhiteTeamCountry "SVK"]
[BlackTeamCountry "SVK"]

1. c4 e5 2. Nc3 Bb4 3. e3 Ne7 4. a3 Bxc3 5. bxc3 d6 6. d4 O-O 7. g3 Nbc6 8. e4
f5 9. Bg2 fxe4 10. Bxe4 exd4 11. cxd4 d5 12. cxd5 Nxd5 13. Ne2 Re8 14. Qd3 Nf6
15. Bxc6 bxc6 16. O-O Bh3 17. Re1 Nd5 18. Bd2 Qd7 19. Rac1 Kh8 20. Nf4 Bf5 21.
Qc4 Nxf4 22. Bxf4 Be4 23. Be5 Bd5 24. Qe2 Rf8 25. f4 Rab8 26. Rc3 Rb7 27. g4
Rfb8 28. Rec1 Qe7 29. g5 Qd7 30. Kf2 Qf5 31. Qd3 Rb2+ 32. Ke1 Qg4 33. R3c2 Rxc2
34. Qxc2 Qg1+ 35. Kd2 Qf2+ 0-1

[Event "SR 2. liga A 2009/2010"]
[Site "?"]
[Date "2010.02.06"]
[Round "8.2"]
[White "Malar, Pavol"]
[Black "Bezuch, Martin"]
[Result "1-0"]
[WhiteElo "2133"]
[BlackElo "2203"]
[PlyCount "105"]
[EventDate "2009.??.??"]
[WhiteTeam "Slovakia"]
[BlackTeam "II"]
[WhiteTeamCountry "SVK"]
[BlackTeamCountry "SVK"]

1. e4 e5 2. Nf3 Nc6 3. Bb5 a6 4. Ba4 Nf6 5. O-O b5 6. Bb3 Be7 7. Re1 O-O 8. c3
d6 9. h3 Bb7 10. d3 h6 11. Nbd2 Re8 12. Nf1 Bf8 13. Ng3 Na5 14. Bc2 c5 15. Nh2
d5 16. Ng4 dxe4 17. dxe4 Nxg4 18. Qxg4 Bc8 19. Qf3 g6 20. Rd1 Qe7 21. Nf1 Nc4
22. b3 Nb6 23. Ne3 Bb7 24. Ng4 f5 25. Nxh6+ Kh7 26. Nxf5 gxf5 27. Qxf5+ Kh8 28.
Bg5 Qh7 29. Qf6+ Kg8 30. Qxb6 Bc8 31. Rd8 Rxd8 32. Qxd8 Bb7 33. Qf6 Re8 34. Qf5
Qxf5 35. exf5 e4 36. Re1 Kf7 37. Rd1 Bc6 38. Rd8 Re5 39. g4 c4 40. Bf4 Rd5 41.
Rxd5 Bxd5 42. bxc4 bxc4 43. Be5 a5 44. a4 Bh6 45. h4 e3 46. fxe3 Bxe3+ 47. Kh2
Bf2 48. Kh3 Be1 49. g5 Bf3 50. g6+ Ke7 51. Bd4 Be2 52. f6+ Ke6 53. f7 1-0

[Event "SR 2. liga A 2009/2010"]
[Site "?"]
[Date "2010.02.06"]
[Round "8.2"]
[White "Plachetka, Jan"]
[Black "Federic, Jozef"]
[Result "1/2-1/2"]
[WhiteElo "2379"]
[BlackElo "2262"]
[PlyCount "112"]
[EventDate "2009.??.??"]
[WhiteTeam "Slovakia"]
[BlackTeam "II"]
[WhiteTeamCountry "SVK"]
[BlackTeamCountry "SVK"]

1. e4 c5 2. Nf3 e6 3. c4 Nc6 4. Nc3 Nf6 5. Be2 Be7 6. O-O O-O 7. d4 cxd4 8.
Nxd4 d6 9. Be3 Bd7 10. Ndb5 Qb8 11. Rc1 b6 12. f4 a6 13. Na3 Ra7 14. Bf3 Rc8
15. Qe2 Nb4 16. Rfd1 Bc6 17. Nc2 Nxc2 18. Rxc2 Rac7 19. Rcd2 Qb7 20. Bf2 Bf8
21. b3 b5 22. e5 Bxf3 23. gxf3 dxe5 24. fxe5 Nh5 25. Ne4 bxc4 26. Nd6 Bxd6 27.
exd6 c3 28. dxc7 cxd2 29. Qe5 Qxc7 30. Qxc7 Rxc7 31. Rxd2 Rc1+ 32. Kg2 Nf4+ 33.
Kg3 Nd5 34. Rd4 Kf8 35. Ra4 Rc6 36. Ra5 Ke8 37. Bd4 g6 38. Bc5 Kd7 39. Kf2 Kc8
40. Ke2 Kb7 41. Kd3 h5 42. b4 g5 43. Kd4 g4 44. fxg4 hxg4 45. b5 axb5 46. Ra7+
Kc8 47. Rxf7 Nc7 48. Bf8 Rc2 49. Bd6 Rd2+ 50. Kc5 Na6+ 51. Kc6 Nb8+ 52. Bxb8
Kxb8 53. Rg7 Rxa2 54. Rxg4 Rxh2 55. Rg8+ Ka7 56. Kxb5 Rc2 1/2-1/2

[Event "SR 2. liga A 2009/2010"]
[Site "?"]
[Date "2010.02.06"]
[Round "8.3"]
[White "Dugovic, Branislav"]
[Black "Pagerka, Martin"]
[Result "1-0"]
[WhiteElo "2149"]
[BlackElo "2097"]
[PlyCount "115"]
[EventDate "2009.??.??"]
[WhiteTeam "Slovakia"]
[BlackTeam "II"]
[WhiteTeamCountry "SVK"]
[BlackTeamCountry "SVK"]

1. Nf3 Nf6 2. b3 c5 3. Bb2 d6 4. e3 a6 5. d4 Nbd7 6. c4 e6 7. Nc3 b6 8. g3 Bb7
9. Bg2 Be7 10. O-O O-O 11. Qe2 Re8 12. Rfd1 Qc7 13. Rac1 Bf8 14. Qf1 Rad8 15.
Nh4 g6 16. Bxb7 Qxb7 17. Qg2 Qxg2+ 18. Kxg2 Be7 19. Nf3 Nb8 20. d5 e5 21. a4 a5
22. Nb5 Nbd7 23. Na7 Nb8 24. Nb5 Nbd7 25. Na7 Ra8 26. Nb5 Rf8 27. Nd2 Ne8 28.
f4 f6 29. Rf1 Rc8 30. g4 Nc7 31. Na7 Rce8 32. f5 Rf7 33. Ne4 Nb8 34. Rc2 Nca6
35. Rcf2 g5 36. Nb5 Rd8 37. h4 h6 38. Kf3 Rd7 39. Rh2 Nc7 40. Nbc3 Rh7 41. Rfh1
Kg7 42. hxg5 fxg5 43. f6+ Bxf6 44. Nxf6 Rf7 45. Kg2 Rxf6 46. Ne4 Ne8 47. Nxg5
Rh8 48. Ne4 Rg6 49. Nxd6 Rxg4+ 50. Kf3 Rg5 51. Nxe8+ Rxe8 52. Rxh6 Rf8+ 53. Ke4
Rg4+ 54. Kxe5 Rg2 55. Ba1 Ra2 56. Re6 Nd7+ 57. Kd6+ Nf6 58. Rg1+ 1-0

[Event "SR 2. liga A 2009/2010"]
[Site "?"]
[Date "2010.02.06"]
[Round "8.3"]
[White "Jablonicky, Frantisek"]
[Black "Mackovic, Miroslav"]
[Result "1-0"]
[WhiteElo "2222"]
[BlackElo "1963"]
[PlyCount "81"]
[EventDate "2009.??.??"]
[WhiteTeam "Slovakia"]
[BlackTeam "II"]
[WhiteTeamCountry "SVK"]
[BlackTeamCountry "SVK"]

1. Nf3 Nf6 2. d4 g6 3. c4 Bg7 4. g3 O-O 5. Bg2 d6 6. Nc3 Nc6 7. O-O a6 8. b3
Rb8 9. a4 Nb4 10. Bb2 Bf5 11. Rc1 Ne4 12. Nh4 Nxc3 13. Bxc3 Na2 14. Nxf5 gxf5
15. Rc2 Nxc3 16. Rxc3 c5 17. Rf3 cxd4 18. Rxf5 e6 19. Rh5 f5 20. Qd3 Qe8 21.
Rh4 b5 22. axb5 axb5 23. e3 bxc4 24. bxc4 dxe3 25. fxe3 Be5 26. e4 Qg6 27. exf5
Rxf5 28. Be4 Rbf8 29. Bxf5 exf5 30. Kh1 Kg7 31. Rb1 Rf7 32. Rf1 Rf8 33. Qd5 Rf7
34. c5 h5 35. Rb4 Kh6 36. c6 f4 37. Rb7 Rxb7 38. cxb7 fxg3 39. b8=Q h4 40. Qf8+
Bg7 41. Qf4+ 1-0

[Event "SR 2. liga A 2009/2010"]
[Site "?"]
[Date "2010.02.06"]
[Round "8.3"]
[White "Janos, Martin"]
[Black "Peska, Juraj"]
[Result "1-0"]
[WhiteElo "2192"]
[BlackElo "1959"]
[PlyCount "41"]
[EventDate "2009.??.??"]
[WhiteTeam "Slovakia"]
[BlackTeam "II"]
[WhiteTeamCountry "SVK"]
[BlackTeamCountry "SVK"]

1. e4 e5 2. Nc3 Nf6 3. d4 exd4 4. Qxd4 Nc6 5. Qe3 d6 6. h3 Be7 7. Bc4 O-O 8.
Bd2 Be6 9. Bxe6 fxe6 10. O-O-O Ne5 11. Qe2 Nfd7 12. f4 Ng6 13. g3 Bf6 14. Nf3
a5 15. h4 h6 16. e5 dxe5 17. h5 Nh8 18. fxe5 Be7 19. Nd4 Nc5 20. Qg4 Nf7 21.
Nxe6 1-0

[Event "SR 2. liga A 2009/2010"]
[Site "?"]
[Date "2010.02.06"]
[Round "8.3"]
[White "Mihalik, Marek"]
[Black "Kralovic, Andrej"]
[Result "1/2-1/2"]
[WhiteElo "2090"]
[BlackElo "2156"]
[PlyCount "173"]
[EventDate "2009.??.??"]
[WhiteTeam "Slovakia"]
[BlackTeam "II"]
[WhiteTeamCountry "SVK"]
[BlackTeamCountry "SVK"]

1. d4 d6 2. c4 e5 3. d5 Ne7 4. Nc3 Ng6 5. e4 Be7 6. Nf3 O-O 7. h3 a5 8. Bd3 Na6
9. O-O Bd7 10. Be3 Qc8 11. Kh2 b6 12. Qd2 Nc5 13. Bc2 f5 14. exf5 Bxf5 15. Bxf5
Rxf5 16. Qe2 Qd7 17. Nd2 Raf8 18. Nde4 Bh4 19. b3 Qf7 20. Rab1 Qe8 21. a3 Nf4
22. Bxf4 Nxe4 23. Nxe4 exf4 24. Qf3 Re5 25. Rfe1 h5 26. Re2 g5 27. Nc3 Rxe2 28.
Nxe2 Qg6 29. Nc3 Re8 30. Rb2 g4 31. Qxf4 Bf6 32. Qd2 g3+ 33. fxg3 Be5 34. Ne2
h4 35. Rc2 hxg3+ 36. Kh1 Rf8 37. Rc1 Qe4 38. Nxg3 Qh4 39. Ne2 Rf2 40. Qe3 Kh8
41. Kg1 Rf7 42. Rd1 a4 43. Nd4 axb3 44. Nf3 Qh5 45. Qxb3 Bf6 46. Qd3 Re7 47.
Re1 Rxe1+ 48. Nxe1 Qe5 49. Nf3 Qa1+ 50. Kh2 Kg7 51. h4 Qc1 52. h5 Qf4+ 53. Kh3
Kf8 54. Qg6 Ke7 55. h6 Qxc4 56. h7 Qxd5 57. Qxf6+ Kxf6 58. h8=Q+ Ke7 59. Qg7+
Ke8 60. Qxc7 Qf5+ 61. Kg3 Qg6+ 62. Kf2 Qe6 63. Qxb6 Qa2+ 64. Kg1 Qxa3 65. Qf2
Qd3 66. g3 Kd7 67. Kg2 Qe4 68. Qd2 Qb1 69. g4 Qe4 70. g5 Qg4+ 71. Kf2 Ke7 72.
Qe2+ Kf8 73. Qd3 Qf4 74. Qd4 Qf5 75. Qxd6+ Kg8 76. Qb8+ Kh7 77. Qc7+ Kg8 78.
Kg3 Qb1 79. Qd8+ Kg7 80. Qf6+ Kg8 81. g6 Qg1+ 82. Kf4 Qg4+ 83. Ke3 Qe4+ 84. Kf2
Qe2+ 85. Kg3 Qg2+ 86. Kf4 Qxf3+ 87. Kxf3 1/2-1/2

[Event "SR 2. liga A 2009/2010"]
[Site "?"]
[Date "2010.02.06"]
[Round "8.3"]
[White "Petrik, Karol"]
[Black "Varholakova, Niki"]
[Result "0-1"]
[WhiteElo "2181"]
[BlackElo "2159"]
[PlyCount "70"]
[EventDate "2009.??.??"]
[WhiteTeam "Slovakia"]
[BlackTeam "II"]
[WhiteTeamCountry "SVK"]
[BlackTeamCountry "SVK"]

1. e4 d5 2. Nc3 d4 3. Nce2 e5 4. g3 Nf6 5. d3 Bb4+ 6. Bd2 Qe7 7. Bg2 O-O 8. Nf3
Nc6 9. O-O Bxd2 10. Qxd2 g6 11. h3 Kg7 12. Kh2 a5 13. Nh4 Ra6 14. a3 a4 15.
Rae1 Rb6 16. f4 Rxb2 17. fxe5 Qxe5 18. Qc1 Rb6 19. Nf3 Qc5 20. Qa1 Qxc2 21. e5
Ne8 22. Nfxd4 Nxd4 23. Qxd4 Qb2 24. Qe3 Be6 25. Rc1 Qxa3 26. Rxc7 Nxc7 27. Qxb6
Qxd3 28. Nf4 Qc4 29. Qxb7 a3 30. Qf3 a2 31. Nh5+ Kg8 32. Nf6+ Kh8 33. Qe3 Nd5
34. Bxd5 Qxf1 35. Qa3 Rc8 0-1

[Event "SR 2. liga A 2009/2010"]
[Site "?"]
[Date "2010.02.06"]
[Round "8.3"]
[White "Sturdik, Igor"]
[Black "Tepper, Frantisek"]
[Result "1/2-1/2"]
[WhiteElo "2047"]
[BlackElo "2169"]
[PlyCount "29"]
[EventDate "2009.??.??"]
[WhiteTeam "Slovakia"]
[BlackTeam "II"]
[WhiteTeamCountry "SVK"]
[BlackTeamCountry "SVK"]

1. e4 e5 2. Nf3 Nf6 3. d4 Nxe4 4. dxe5 d5 5. Bd3 Nc5 6. Be2 Be7 7. Nc3 c6 8.
O-O Ne6 9. Re1 O-O 10. Bd3 Nc5 11. Bf4 Bg4 12. Be2 Ne6 13. Bg3 Nd7 14. Nd4 Bxe2
15. Rxe2 1/2-1/2

[Event "SR 2. liga A 2009/2010"]
[Site "?"]
[Date "2010.02.06"]
[Round "8.4"]
[White "Bury, Rastislav"]
[Black "Stepanovic, Branislav"]
[Result "1/2-1/2"]
[WhiteElo "2066"]
[BlackElo "2001"]
[PlyCount "207"]
[EventDate "2009.??.??"]
[WhiteTeam "Slovakia"]
[BlackTeam "II"]
[WhiteTeamCountry "SVK"]
[BlackTeamCountry "SVK"]

1. d4 Nf6 2. c4 g6 3. Nc3 d5 4. Bg5 Ne4 5. Bh4 Nxc3 6. bxc3 Bg7 7. e3 c5 8. Nf3
dxc4 9. Bxc4 O-O 10. O-O Nc6 11. Rb1 b6 12. dxc5 bxc5 13. Bd5 Qd7 14. Bxe7 Qxe7
15. Bxc6 Ba6 16. Bxa8 Rxa8 17. Qb3 Bxf1 18. Kxf1 Rd8 19. c4 Qe4 20. Ke2 g5 21.
Rd1 Rxd1 22. Kxd1 g4 23. Ne1 Bf6 24. Qc2 Qe5 25. g3 Kg7 26. Ke2 h5 27. Ng2 h4
28. Nxh4 Bxh4 29. gxh4 Qxh2 30. Qf5 Qxh4 31. Qxc5 a6 32. Qe5+ Kg8 33. c5 Qh7
34. Qg5+ Kf8 35. Qd8+ Kg7 36. Qd3 Qh3 37. Qf5 Qg2 38. Kd3 Qf1+ 39. Kd2 Qg2 40.
Kc3 Qg1 41. Kb4 Qe1+ 42. Ka4 Qe2 43. Ka3 Qc4 44. Kb2 Qb4+ 45. Kc2 Qc4+ 46. Kd1
Qxa2 47. Qxg4+ Kf8 48. Qc8+ Kg7 49. c6 Qd5+ 50. Ke2 Qh5+ 51. f3 Qh2+ 52. Kd3
Qd6+ 53. Kc4 a5 54. Kb5 Qb4+ 55. Ka6 Qc4+ 56. Kxa5 Qc5+ 57. Ka6 Qa3+ 58. Kb7
Qb4+ 59. Ka8 Qa3+ 60. Kb8 Qb4+ 61. Qb7 Qf8+ 62. Ka7 Qa3+ 63. Qa6 Qxe3+ 64. Qb6
Qa3+ 65. Kb8 Qf8+ 66. Kb7 Qa3 67. c7 Qxf3+ 68. Kb8 Qf4 69. Qc6 Qb4+ 70. Ka7
Qa5+ 71. Kb7 Qb4+ 72. Ka6 Qa3+ 73. Kb6 Qb4+ 74. Qb5 Qd6+ 75. Kb7 Qe7 76. Qc4
Qd7 77. Qc3+ f6 78. Qc5 Qf7 79. Qb5 Qe7 80. Qc4 Qd7 81. Qb4 Qd5+ 82. Kb8 Qe5
83. Qg4+ Kh6 84. Qh3+ Kg7 85. Qd7+ Kf8 86. Qc6 Kg7 87. Kc8 Kg6 88. Kd8 Qa5 89.
Kd7 Qa7 90. Qe4+ Kg7 91. Qg4+ Kf7 92. Qc4+ Kg6 93. Qg4+ Kf7 94. Qh5+ Kg7 95.
Qg4+ Kf7 96. Qe6+ Kg7 97. Kd8 Qa5 98. Qe7+ Kg6 99. Ke8 Qa8+ 100. Kd7 Qa4+ 101.
Kd8 Qa5 102. Qe4+ Kf7 103. Qc4+ Kg7 104. Kd7 1/2-1/2

[Event "SR 2. liga A 2009/2010"]
[Site "?"]
[Date "2010.02.06"]
[Round "8.4"]
[White "Certek, Pavel"]
[Black "Stetina, Erik"]
[Result "1-0"]
[WhiteElo "2245"]
[BlackElo "2038"]
[PlyCount "79"]
[EventDate "2009.??.??"]
[WhiteTeam "Slovakia"]
[BlackTeam "II"]
[WhiteTeamCountry "SVK"]
[BlackTeamCountry "SVK"]

1. d4 Nf6 2. c4 e6 3. Nf3 b6 4. e3 Bb7 5. Bd3 Be7 6. O-O O-O 7. Nc3 d6 8. b3
Nbd7 9. e4 e5 10. Re1 Re8 11. Bc2 h6 12. Bb2 Bf8 13. d5 g6 14. b4 a5 15. a3 Ba6
16. Nd2 Nh5 17. Ba4 Nf4 18. Qf3 Be7 19. g3 Nh3+ 20. Kg2 Ng5 21. Qe2 Qc8 22. h4
Nh7 23. Nf1 Rf8 24. Bc1 g5 25. Ne3 gxh4 26. Qg4+ Ng5 27. Bxd7 f5 28. Bxf5 h3+
29. Kh1 Qe8 30. f4 h5 31. Qd1 exf4 32. gxf4 Bf6 33. Rg1 Kh8 34. Rxg5 Bxg5 35.
fxg5 Bc8 36. Qd4+ Kg8 37. Bb2 axb4 38. axb4 Bxf5 39. Rxa8 Bxe4+ 40. Nxe4 1-0

[Event "SR 2. liga A 2009/2010"]
[Site "?"]
[Date "2010.02.06"]
[Round "8.4"]
[White "Gajarsky, Roman"]
[Black "Sosovicka, Juraj"]
[Result "1/2-1/2"]
[WhiteElo "1921"]
[BlackElo "2066"]
[PlyCount "30"]
[EventDate "2009.??.??"]
[WhiteTeam "Slovakia"]
[BlackTeam "II"]
[WhiteTeamCountry "SVK"]
[BlackTeamCountry "SVK"]

1. e4 e5 2. Nf3 Nc6 3. Bc4 Nf6 4. Ng5 d5 5. exd5 b5 6. dxc6 bxc4 7. Qf3 h6 8.
Ne4 Nd5 9. a3 Be7 10. Nbc3 Be6 11. Qg3 Bf6 12. d3 cxd3 13. cxd3 Nxc3 14. Nxc3
g6 15. O-O Bg7 1/2-1/2

[Event "SR 2. liga A 2009/2010"]
[Site "?"]
[Date "2010.02.06"]
[Round "8.4"]
[White "Hartl, Jan"]
[Black "Magyar, Frantisek"]
[Result "0-1"]
[WhiteElo "2131"]
[BlackElo "2018"]
[PlyCount "74"]
[EventDate "2009.??.??"]
[WhiteTeam "Slovakia"]
[BlackTeam "II"]
[WhiteTeamCountry "SVK"]
[BlackTeamCountry "SVK"]

1. e4 c5 2. Nf3 Nc6 3. d4 cxd4 4. Nxd4 e5 5. Nb5 d6 6. a4 a6 7. N5a3 Nf6 8. Nc3
Be6 9. Bc4 Be7 10. Bg5 Rc8 11. Bxf6 Bxf6 12. Nd5 Bg5 13. c3 O-O 14. O-O Ne7 15.
Nxe7+ Qxe7 16. Qe2 Qd7 17. a5 Rc7 18. Rfd1 Rfc8 19. Bd5 Rc5 20. Nc2 Bxd5 21.
Rxd5 Rxd5 22. exd5 Rc5 23. h4 Bxh4 24. Ne1 Bd8 25. Rd1 f5 26. Nc2 Qf7 27. Qd3
h6 28. b4 e4 29. Qd2 Bg5 30. Ne3 Rc8 31. Qb2 f4 32. Nf1 Bf6 33. Qe2 Qg6 34. f3
e3 35. c4 Bh4 36. Nh2 Bg3 37. Ng4 Re8 0-1

[Event "SR 2. liga A 2009/2010"]
[Site "?"]
[Date "2010.02.06"]
[Round "8.4"]
[White "Liptak, Dusan"]
[Black "Lehocky, Viktor"]
[Result "1-0"]
[WhiteElo "1916"]
[BlackElo "2095"]
[PlyCount "26"]
[EventDate "2009.??.??"]
[WhiteTeam "Slovakia"]
[BlackTeam "II"]
[WhiteTeamCountry "SVK"]
[BlackTeamCountry "SVK"]

1. Nf3 e6 2. c4 d5 3. d4 Nf6 4. Nc3 Be7 5. Bf4 dxc4 6. e3 Nd5 7. Bxc4 Nxf4 8.
exf4 O-O 9. O-O Nc6 10. Qd2 Bb4 11. Rac1 Ne7 12. Bd3 Nd5 13. Bb1 Qf6 1-0

[Event "SR 2. liga A 2009/2010"]
[Site "?"]
[Date "2010.02.06"]
[Round "8.4"]
[White "Polasek, Filip"]
[Black "Mydlarik, Martin"]
[Result "0-1"]
[WhiteElo "2072"]
[BlackElo "2169"]
[PlyCount "54"]
[EventDate "2009.??.??"]
[WhiteTeam "Slovakia"]
[BlackTeam "II"]
[WhiteTeamCountry "SVK"]
[BlackTeamCountry "SVK"]

1. e4 e6 2. d4 d5 3. e5 c5 4. c3 Nc6 5. Nf3 cxd4 6. cxd4 Qb6 7. Be2 Nge7 8. Nc3
Nf5 9. Bb5 Bd7 10. Bxc6 bxc6 11. O-O h6 12. a3 Be7 13. g4 Nh4 14. Nxh4 Bxh4 15.
Na4 Qc7 16. Nc5 Be7 17. b4 a5 18. Bd2 axb4 19. Bxb4 O-O 20. Qc2 Bc8 21. f4 f5
22. Qg2 fxg4 23. Qxg4 Bxc5 24. Bxc5 Rf5 25. Rf3 Ba6 26. Kh1 Be2 27. Qxf5 Bxf3+
0-1

[Event "SR 2. liga A 2009/2010"]
[Site "?"]
[Date "2010.02.06"]
[Round "8.5"]
[White "Deak, Gabriel"]
[Black "Janos, Ivan"]
[Result "0-1"]
[WhiteElo "2026"]
[BlackElo "2133"]
[PlyCount "82"]
[EventDate "2009.??.??"]
[WhiteTeam "Slovakia"]
[BlackTeam "II"]
[WhiteTeamCountry "SVK"]
[BlackTeamCountry "SVK"]

1. d4 Nf6 2. Nf3 e6 3. Bg5 h6 4. Bf4 b5 5. e3 a6 6. Bd3 Bb7 7. Nbd2 c5 8. c3 d5
9. Ne5 Nc6 10. Ndf3 Qb6 11. Nxc6 Bxc6 12. Ne5 Be7 13. O-O Rc8 14. Qe2 Bb7 15.
a4 c4 16. Bc2 b4 17. a5 Qd8 18. Ba4+ Kf8 19. Bc2 b3 20. Bb1 Qe8 21. f3 Nh5 22.
Bg3 Nxg3 23. hxg3 Bd6 24. f4 f5 25. g4 g6 26. e4 dxe4 27. Nxc4 Qb5 28. Qf2 Qxc4
29. Qh4 Be7 30. Qg3 Kg7 31. Re1 Bd6 32. Qh4 Qc7 33. g3 Rcf8 34. Qh2 g5 35. Qe2
gxf4 36. c4 f3 37. Qd2 Bxg3 38. Rf1 fxg4 39. d5 exd5 40. cxd5 Qc5+ 41. Kh1 Rf5
0-1

[Event "SR 2. liga A 2009/2010"]
[Site "?"]
[Date "2010.02.06"]
[Round "8.5"]
[White "Hricak, Vasil"]
[Black "Kollarik, Gorazd"]
[Result "1-0"]
[WhiteElo "2100"]
[BlackElo "1898"]
[PlyCount "121"]
[EventDate "2009.??.??"]
[WhiteTeam "Slovakia"]
[BlackTeam "II"]
[WhiteTeamCountry "SVK"]
[BlackTeamCountry "SVK"]

1. e4 c5 2. Nf3 Nc6 3. d4 cxd4 4. Nxd4 Nf6 5. Nc3 d6 6. Be3 e5 7. Nb3 Be6 8.
Be2 Be7 9. O-O O-O 10. f4 exf4 11. Bxf4 Ne5 12. Kh1 Qb6 13. Nd5 Bxd5 14. exd5
Ng6 15. Bg3 Ne4 16. Be1 Bf6 17. Bd3 Rfe8 18. Qg4 Qe3 19. Qf3 Qxf3 20. gxf3 Nc5
21. Nxc5 dxc5 22. Bf2 b6 23. Bb5 Red8 24. Bg3 Be5 25. Bxe5 Nxe5 26. f4 Ng4 27.
Rae1 a6 28. Bc6 Ra7 29. c4 Kf8 30. h3 Nf6 31. Re5 Nd7 32. Bxd7 Raxd7 33. Rfe1
Rd6 34. Kg2 b5 35. b3 R6d7 36. Kf3 Rb8 37. f5 Rbd8 38. h4 Rb8 39. R5e4 Rbd8 40.
Rg4 Rd6 41. Rge4 R6d7 42. h5 h6 43. Rg1 Rb8 44. Reg4 f6 45. Re1 bxc4 46. bxc4
Rb2 47. Rg2 Rb4 48. Re4 a5 49. Rge2 a4 50. a3 Rb3+ 51. R2e3 Rb1 52. d6 Rb8 53.
Re6 Rb3 54. Ke4 Rb8 55. Kd5 Rc8 56. Re7 Rdd8 57. d7 Ra8 58. Kxc5 Ra5+ 59. Kb6
Re5 60. R7xe5 fxe5 61. Kc7 1-0

[Event "SR 2. liga A 2009/2010"]
[Site "?"]
[Date "2010.02.06"]
[Round "8.5"]
[White "Mosny, Jaroslav"]
[Black "Fabry, Robert"]
[Result "1/2-1/2"]
[WhiteElo "2014"]
[BlackElo "2190"]
[PlyCount "47"]
[EventDate "2009.??.??"]
[WhiteTeam "Slovakia"]
[BlackTeam "II"]
[WhiteTeamCountry "SVK"]
[BlackTeamCountry "SVK"]

1. d4 Nf6 2. c4 e6 3. Nc3 d5 4. e3 c5 5. Nf3 Nc6 6. Be2 cxd4 7. exd4 Bd6 8. O-O
O-O 9. Bg5 dxc4 10. Bxc4 h6 11. Bh4 g5 12. Bg3 Bxg3 13. hxg3 Qb6 14. Qd2 Rd8
15. Rad1 Nxd4 16. Nxd4 e5 17. Qc2 exd4 18. Qg6+ Kh8 19. Qxh6+ Nh7 20. Qxb6 axb6
21. Nb5 Kg7 22. Nxd4 Kf6 23. Nb5 Be6 24. Bxe6 1/2-1/2

[Event "SR 2. liga A 2009/2010"]
[Site "?"]
[Date "2010.02.06"]
[Round "8.5"]
[White "Obdrzalkova, Anita"]
[Black "Lukac, Tomas"]
[Result "0-1"]
[WhiteElo "2004"]
[BlackElo "1932"]
[PlyCount "54"]
[EventDate "2009.??.??"]
[WhiteTeam "Slovakia"]
[BlackTeam "II"]
[WhiteTeamCountry "SVK"]
[BlackTeamCountry "SVK"]

1. d4 d6 2. Nf3 Bg4 3. e3 Nf6 4. h3 Bh5 5. Be2 Nbd7 6. c4 c6 7. Nc3 e5 8. d5 c5
9. e4 Be7 10. O-O Bg6 11. Qd3 O-O 12. g4 h6 13. Kg2 Nh7 14. Rh1 h5 15. Nd2 h4
16. Nf1 Bg5 17. Ne3 Bf4 18. Nf5 Bxf5 19. gxf5 Qg5+ 20. Kf1 Bxc1 21. Rg1 Qd2 22.
Qxd2 Bxd2 23. Nb5 b6 24. Nxd6 a6 25. f6 Ndxf6 26. f3 g6 27. Rd1 Bg5 0-1

[Event "SR 2. liga A 2009/2010"]
[Site "?"]
[Date "2010.02.06"]
[Round "8.5"]
[White "Pobjecky, Ivan"]
[Black "Chovanec, Vladimir"]
[Result "1/2-1/2"]
[WhiteElo "2043"]
[BlackElo "2091"]
[PlyCount "26"]
[EventDate "2009.??.??"]
[WhiteTeam "Slovakia"]
[BlackTeam "II"]
[WhiteTeamCountry "SVK"]
[BlackTeamCountry "SVK"]

1. e4 c5 2. Nf3 Nc6 3. d4 cxd4 4. Nxd4 e5 5. Nb5 d6 6. c4 Be6 7. N1c3 a6 8. Na3
Be7 9. Be2 Nf6 10. Be3 O-O 11. O-O h6 12. h3 Rc8 13. Qd2 Ne8 1/2-1/2